Thiết kế công trình bảo vệ bờ, đê
Gardado en:
| Autor Principal: | |
|---|---|
| Formato: | Libro |
| Idioma: | Undetermined |
| Publicado: |
H.
KHKT
2003
|
| Những chủ đề: | |
| Các nhãn: |
Engadir etiqueta
Sen Etiquetas, Sexa o primeiro en etiquetar este rexistro!
|
| Thư viện lưu trữ: | Trung tâm Học liệu Trường Đại học Cần Thơ |
|---|
| LEADER | 00601nam a2200217Ia 4500 | ||
|---|---|---|---|
| 001 | CTU_62081 | ||
| 008 | 210402s9999 xx 000 0 und d | ||
| 020 | |b 54000 | ||
| 082 | |a 627.42 | ||
| 082 | |b V312 | ||
| 100 | |a Tôn Thất Vĩnh | ||
| 245 | 0 | |a Thiết kế công trình bảo vệ bờ, đê | |
| 245 | 0 | |c Tôn Thất Vĩnh | |
| 260 | |a H. | ||
| 260 | |b KHKT | ||
| 260 | |c 2003 | ||
| 526 | |a Công trình ven biển | ||
| 526 | |b CN665 | ||
| 650 | |a flood control,dikes ( engineering ) | ||
| 904 | |i Minh | ||
| 980 | |a Trung tâm Học liệu Trường Đại học Cần Thơ | ||